[Event "Bad Bertrich Seniors op 17th"]
[Site "Bad Bertrich"]
[Date "2009.12.09"]
[Round "6"]
[White "Wolf, Margot"]
[Black "Rogowski, Walter"]
[Result "0-1"]
[WhiteElo "1328"]
[BlackElo "1552"]
[PlyCount "116"]
[EventDate "2009.12.04"]
[EventType "swiss"]
[EventRounds "9"]
[EventCountry "GER"]
[SourceTitle "EXT 2022"]
[Source "ChessBase"]
[SourceDate "2021.10.06"]
[SourceVersion "1"]
[SourceVersionDate "2021.10.06"]
[SourceQuality "1"]

1. d4 e6 2. Nf3 b6 3. Bf4 Bb7 4. e3 Be7 5. Be2 d6 6. c3 Nd7 7. 0-0 c5 8. Nbd2 Qc7 9. h3 Ngf6 10. Bh2 0-0 11. Qc2 Rac8 12. Qb1 Rb8 13. Bd3 e5 14. dxe5 dxe5 15. Ne4 Rfd8 16. Bc2 Bc6 17. Nfd2 Qb7 18. Bd3 h6 19. Rd1 Kh8 20. Bg3 Nh5 21. Bh2 f5 22. Ng3 Bxg2 23. Nxh5 Bxh3 24. Bf1 Bg4 25. Re1 Bxh5 26. Qxf5 g6 27. Qe4 Qc7 28. Nc4 Bf6 29. Bg2 b5 30. Nd2 Rb6 31. Bf3 Bxf3 32. Nxf3 Rg8 33. Kh1 c4 34. a3 Nc5 35. Qc2 Qb7 36. Qe2 Nd3 37. Reb1 Bg7 38. Kg1 Qe4 39. Bg3 g5 40. Nd2 Qg6 41. Ne4 Qxe4 42. f3 Nf4 43. Bxf4 Qd3 44. Qxd3 cxd3 45. Bg3 Rd8 46. Rd1 h5 47. Rd2 h4 48. Bf2 Rf6 49. Kg2 Kg8 50. e4 a6 51. Be3 Bh6 52. Rad1 h3+ 53. Kf2 Rdf8 54. Ke1 Rxf3 55. Bf2 h2 56. Rxd3 h1Q+ 57. Ke2 Rxf2+ 58. Ke3 R8f3# 0-1

[Event "Bad Woerishofen op 25th"]
[Site "Bad Woerishofen"]
[Date "2009.03.10"]
[Round "6"]
[White "Braeu, Ludwig"]
[Black "Rogowski, Walter"]
[Result "1-0"]
[WhiteElo "1988"]
[BlackElo "1685"]
[PlyCount "59"]
[EventDate "2009.03.05"]
[EventType "swiss"]
[EventRounds "9"]
[EventCountry "GER"]
[SourceTitle "CBM 129 Extra"]
[Source "ChessBase"]
[SourceDate "2009.05.05"]
[SourceVersion "2"]
[SourceVersionDate "2009.05.20"]
[SourceQuality "1"]

1. c4 Nf6 2. Nf3 g6 3. d4 Bg7 4. Nc3 c6 5. g3 d5 6. b3 0-0 7. Bg2 Bf5 8. 0-0 Re8 9. Bb2 Nbd7 10. h3 e5 11. dxe5 Nxe5 12. Nxe5 Rxe5 13. g4 d4 14. Na4 Bc8 15. Bxd4 Re8 16. e3 Qc7 17. Qf3 Ne4 18. Rad1 Bf8 19. Nc3 f5 20. Nxe4 fxe4 21. Qf6 Bg7 22. Qxg7+ Qxg7 23. Bxg7 Kxg7 24. Rd4 c5 25. Rxe4 Rd8 26. Re7+ Kf6 27. Rxh7 Rb8 28. Bd5 a6 29. f4 b5 30. Rf7# 1-0

[Event "Bayern-ch Seniors 20th"]
[Site "Bergen"]
[Date "2008.06.13"]
[Round "7.38"]
[White "Bernhart, Ernst"]
[Black "Rogowski, Walter"]
[Result "1-0"]
[WhiteElo "1572"]
[BlackElo "1424"]
[PlyCount "71"]
[EventDate "2008.06.07"]
[EventType "swiss"]
[EventRounds "9"]
[EventCountry "GER"]
[SourceTitle "EXT 2022"]
[Source "ChessBase"]
[SourceDate "2021.10.06"]
[SourceVersion "1"]
[SourceVersionDate "2021.10.06"]
[SourceQuality "1"]

1. c4 e5 2. Nc3 f5 3. e3 Nf6 4. d4 exd4 5. exd4 Be7 6. Nf3 0-0 7. Be2 c6 8. 0-0 d5 9. Qb3 Nbd7 10. Bg5 h6 11. Bf4 Qb6 12. Qc2 Ne4 13. Na4 Qd8 14. Rac1 g5 15. Be5 g4 16. Nd2 Bg5 17. Rcd1 Nxd2 18. Rxd2 Bxd2 19. Qxd2 Nxe5 20. dxe5 f4 21. Bd3 Kg7 22. Qc2 Qg5 23. cxd5 cxd5 24. Re1 Re8 25. Qc3 Kf8 26. Qc5+ Kg7 27. Qxd5 Rd8 28. Qe4 Kf8 29. Nc3 g3 30. fxg3 fxg3 31. Rf1+ Ke8 32. Nd5 gxh2+ 33. Kh1 Qg7 34. Bb5+ Bd7 35. Nc7+ Ke7 36. Qb4# 1-0

[Event "Hessen-ch Seniors op 04th"]
[Site "Bad Sooden-Allendorf"]
[Date "2008.05.02"]
[Round "9"]
[White "Brennscheidt, Raymund"]
[Black "Rogowski, Walter"]
[Result "1-0"]
[WhiteElo "1662"]
[BlackElo "1452"]
[PlyCount "47"]
[EventDate "2008.04.24"]
[EventType "swiss"]
[EventRounds "9"]
[EventCountry "GER"]
[SourceTitle "EXT 2022"]
[Source "ChessBase"]
[SourceDate "2021.10.06"]
[SourceVersion "1"]
[SourceVersionDate "2021.10.06"]
[SourceQuality "1"]

1. e4 c5 2. Bc4 Nc6 3. a3 Nf6 4. Nc3 e6 5. Ba2 Be7 6. d3 d5 7. Bd2 d4 8. Nce2 e5 9. h3 h5 10. Nf3 Nh7 11. Nh2 Bd7 12. 0-0 Qc8 13. f4 g6 14. fxe5 Nxe5 15. Nf4 b6 16. Nd5 Bd8 17. Bf4 f6 18. Bxe5 fxe5 19. Qf3 Rf8 20. Qg3 Rxf1+ 21. Rxf1 Ng5 22. Qxe5+ Ne6 23. Qh8+ Nf8 24. Rxf8# 1-0

[Event "Hessen-ch Seniors op 04th"]
[Site "Bad Sooden-Allendorf"]
[Date "2008.04.27"]
[Round "4"]
[White "Bomert, Juergen"]
[Black "Rogowski, Walter"]
[Result "1-0"]
[WhiteElo "1942"]
[BlackElo "1452"]
[PlyCount "37"]
[EventDate "2008.04.24"]
[EventType "swiss"]
[EventRounds "9"]
[EventCountry "GER"]
[SourceTitle "EXT 2022"]
[Source "ChessBase"]
[SourceDate "2021.10.06"]
[SourceVersion "1"]
[SourceVersionDate "2021.10.06"]
[SourceQuality "1"]

1. c4 e5 2. Nc3 Nf6 3. g3 c6 4. Bg2 d5 5. cxd5 cxd5 6. Qb3 e4 7. d3 Na6 8. dxe4 Nc5 9. Qc2 dxe4 10. Nh3 h6 11. 0-0 Bf5 12. Nf4 g5 13. Rd1 Qc8 14. Nfd5 Nxd5 15. Nxd5 Bg7 16. Be3 Ne6 17. Qa4+ Kf8 18. Qb4+ Ke8 19. Qe7# 1-0

[Event "Hessen-ch Seniors op 04th"]
[Site "Bad Sooden-Allendorf"]
[Date "2008.04.26"]
[Round "3"]
[White "Rogowski, Walter"]
[Black "Rychlik, Kurt"]
[Result "0-1"]
[WhiteElo "1452"]
[BlackElo "1917"]
[PlyCount "120"]
[EventDate "2008.04.24"]
[EventType "swiss"]
[EventRounds "9"]
[EventCountry "GER"]
[SourceTitle "EXT 2022"]
[Source "ChessBase"]
[SourceDate "2021.10.06"]
[SourceVersion "1"]
[SourceVersionDate "2021.10.06"]
[SourceQuality "1"]

1. Nf3 Nf6 2. c4 c5 3. Nc3 Nc6 4. g3 g6 5. Bg2 Bg7 6. 0-0 0-0 7. d4 cxd4 8. Nxd4 a6 9. e4 Qc7 10. Nxc6 dxc6 11. Qe2 e5 12. b3 Be6 13. Ba3 Rfe8 14. Rad1 Qa5 15. Bb2 Bf8 16. Qc2 b5 17. cxb5 axb5 18. Rd3 Nd7 19. Ra1 Qb6 20. Rdd1 Bg4 21. Rf1 Nc5 22. h3 Bc8 23. b4 Ne6 24. Ne2 Bxb4 25. Bxe5 Ng5 26. Bd4 c5 27. Rab1 cxd4 28. Rxb4 Rd8 29. Nf4 Qa5 30. Rb2 Bb7 31. h4 d3 32. Nxd3 Bxe4 33. Bxe4 Nxe4 34. Rfb1 Rac8 35. Nc5 Nxc5 36. Rxb5 Qc7 37. a4 Ne6 38. Qxc7 Nxc7 39. Rb7 Na6 40. Re1 Nc5 41. Ra7 Rd7 42. Rxd7 Nxd7 43. a5 Ra8 44. Ra1 Ra6 45. Ra3 Nc5 46. Kg2 Nb7 47. f4 Rxa5 48. Rxa5 Nxa5 49. Kf3 Nc6 50. Ke4 f5+ 51. Kd5 Nd8 52. Ke5 Kf7 53. h5 Ne6 54. h6 Ke7 55. Kd5 Nd8 56. Kd4 Nf7 57. Ke3 Nxh6 58. Kf3 Ke6 59. Kg2 Kd5 60. Kf3 Ng4 0-1

[Event "Hessen-ch Seniors op 04th"]
[Site "Bad Sooden-Allendorf"]
[Date "2008.04.25"]
[Round "2"]
[White "Rogowski, Walter"]
[Black "Kasueschke, Gregor"]
[Result "1-0"]
[WhiteElo "1452"]
[BlackElo "1908"]
[PlyCount "79"]
[EventDate "2008.04.24"]
[EventType "swiss"]
[EventRounds "9"]
[EventCountry "GER"]
[SourceTitle "EXT 2022"]
[Source "ChessBase"]
[SourceDate "2021.10.06"]
[SourceVersion "1"]
[SourceVersionDate "2021.10.06"]
[SourceQuality "1"]

1. e4 c6 2. d4 d5 3. Nd2 dxe4 4. Nxe4 Bf5 5. f3 e6 6. Bf4 Be7 7. c3 Nf6 8. Bd3 Nd5 9. Bd2 0-0 10. Ne2 Nd7 11. 0-0 Bg6 12. Qc1 Rc8 13. Qb1 e5 14. f4 f5 15. N4g3 e4 16. Bc2 N7f6 17. Bb3 Kh8 18. a3 h5 19. c4 Nc7 20. Rd1 b5 21. Bb4 bxc4 22. Bxe7 Qxe7 23. Bxc4 Ncd5 24. Nf1 Qd6 25. g3 h4 26. Kg2 Bh5 27. Qc1 Bf3+ 28. Kf2 Ng4+ 29. Ke1 hxg3 30. hxg3 g6 31. Kd2 Kg7 32. Re1 e3+ 33. Kc2 c5 34. dxc5 Qxc5 35. b3 Be4+ 36. Kb2 Qe7 37. Nc3 Rxc4 38. bxc4 Rb8+ 39. Ka2 Bd3 40. Nxd5 1-0

[Event "Hessen-ch Seniors op 04th"]
[Site "Bad Sooden-Allendorf"]
[Date "2008.04.24"]
[Round "1"]
[White "Barlo, Werner"]
[Black "Rogowski, Walter"]
[Result "1/2-1/2"]
[WhiteElo "1763"]
[BlackElo "1452"]
[PlyCount "42"]
[EventDate "2008.04.24"]
[EventType "swiss"]
[EventRounds "9"]
[EventCountry "GER"]
[SourceTitle "EXT 2022"]
[Source "ChessBase"]
[SourceDate "2021.10.06"]
[SourceVersion "1"]
[SourceVersionDate "2021.10.06"]
[SourceQuality "1"]

1. e4 c5 2. Nc3 a6 3. Nf3 Nc6 4. d4 cxd4 5. Nxd4 Nf6 6. Be2 e6 7. a3 Qb6 8. Nb3 Qc7 9. 0-0 Be7 10. Be3 0-0 11. Qd2 Rd8 12. Rad1 d5 13. exd5 exd5 14. Nd4 b5 15. b4 h6 16. f3 Ne5 17. Bf4 Bd6 18. Bd3 Nxd3 19. Bxd6 Qxd6 20. Qxd3 Be6 21. Rfe1 Rac8 1/2-1/2

[Event "Bad Woerishofen Seniors op 24th"]
[Site "Bad Woerishofen"]
[Date "2008.03.07"]
[Round "9"]
[White "Wolf, Margot"]
[Black "Rogowski, Walter"]
[Result "0-1"]
[WhiteElo "1295"]
[BlackElo "1506"]
[PlyCount "62"]
[EventDate "2008.02.28"]
[EventType "swiss"]
[EventRounds "9"]
[EventCountry "GER"]
[SourceTitle "EXT 2022"]
[Source "ChessBase"]
[SourceDate "2021.10.06"]
[SourceVersion "1"]
[SourceVersionDate "2021.10.06"]
[SourceQuality "1"]

1. d4 Nf6 2. Nf3 e6 3. Bf4 Bb4+ 4. c3 Be7 5. e3 Nh5 6. Be5 f6 7. Bg3 Nc6 8. Bd3 d5 9. Nbd2 a6 10. Qc2 f5 11. Qd1 Nf6 12. h3 Bd6 13. Bxd6 Qxd6 14. Ng5 h6 15. Ngf3 Ne4 16. Bc2 0-0 17. Nh4 Bd7 18. f3 Qg3+ 19. Ke2 Qxh4 20. fxe4 fxe4 21. Rf1 Qg3 22. Rxf8+ Rxf8 23. Qg1 Ne7 24. Rf1 Be8 25. Rxf8+ Kxf8 26. a3 Bh5+ 27. Kf1 Nf5 28. Qf2 Qxe3 29. g4 Qxh3+ 30. Qg2 Ne3+ 31. Kg1 Qxg2# 0-1

[Event "Bad Woerishofen Seniors op 24th"]
[Site "Bad Woerishofen"]
[Date "2008.03.02"]
[Round "4"]
[White "Alefs, Heinz"]
[Black "Rogowski, Walter"]
[Result "1-0"]
[WhiteElo "1665"]
[BlackElo "1506"]
[PlyCount "107"]
[EventDate "2008.02.28"]
[EventType "swiss"]
[EventRounds "9"]
[EventCountry "GER"]
[SourceTitle "EXT 2022"]
[Source "ChessBase"]
[SourceDate "2021.10.06"]
[SourceVersion "1"]
[SourceVersionDate "2021.10.06"]
[SourceQuality "1"]

1. d4 Nf6 2. Nf3 g6 3. e3 Bg7 4. Bd3 Nc6 5. c3 0-0 6. e4 d6 7. 0-0 Bg4 8. h3 Bxf3 9. Qxf3 e5 10. d5 Ne7 11. Bg5 Ne8 12. Qe3 f6 13. Bh6 Rf7 14. Nd2 g5 15. Bxg7 Rxg7 16. Be2 Ng6 17. g3 Rf7 18. Bg4 Ng7 19. Qe2 f5 20. exf5 Nxf5 21. Qe4 Qf6 22. Nc4 Ng7 23. Qe2 Ne7 24. Ne3 Qg6 25. Bf3 Raf8 26. Bg2 h5 27. Qc4 Ngf5 28. Be4 Nxe3 29. fxe3 Rxf1+ 30. Rxf1 Rxf1+ 31. Kxf1 Qf7+ 32. Kg2 c6 33. Qe2 Nxd5 34. Bf3 Nf6 35. Qd3 e4 36. Bxe4 Nxe4 37. Qxe4 Qxa2 38. Qg6+ Kf8 39. Qxd6+ Kg7 40. Qe7+ Qf7 41. Qxg5+ Kh7 42. e4 Qg6 43. Qxg6+ Kxg6 44. Kf3 Kg5 45. Ke3 c5 46. Kd3 b5 47. b4 Kf6 48. bxc5 Ke5 49. c6 Kd6 50. c7 Kxc7 51. g4 a5 52. gxh5 a4 53. h6 a3 54. Kc2 1-0

[Event "Bad Woerishofen Seniors op 24th"]
[Site "Bad Woerishofen"]
[Date "2008.02.29"]
[Round "2"]
[White "Pooth, Richard"]
[Black "Rogowski, Walter"]
[Result "1-0"]
[WhiteElo "1763"]
[BlackElo "1506"]
[PlyCount "55"]
[EventDate "2008.02.28"]
[EventType "swiss"]
[EventRounds "9"]
[EventCountry "GER"]
[SourceTitle "EXT 2022"]
[Source "ChessBase"]
[SourceDate "2021.10.06"]
[SourceVersion "1"]
[SourceVersionDate "2021.10.06"]
[SourceQuality "1"]

1. e4 g6 2. d4 Bg7 3. f4 d6 4. Nf3 Nf6 5. Bd3 0-0 6. 0-0 Bg4 7. Be3 c6 8. Qd2 Re8 9. c4 Kh8 10. Nc3 Qc7 11. e5 Ng8 12. Ng5 e6 13. exd6 Qd7 14. c5 h6 15. Nge4 Bf5 16. Nf2 Bxd3 17. Nxd3 f6 18. Rae1 Kh7 19. Rf3 b5 20. Bf2 a5 21. a4 b4 22. Ne2 e5 23. dxe5 fxe5 24. fxe5 Bxe5 25. Nxe5 Rxe5 26. Ng3 Qe6 27. Rxe5 Qxe5 28. Rf7+ 1-0

[Event "Chiemgau Seniors Cup 3th"]
[Site "Bergen"]
[Date "2007.10.23"]
[Round "2"]
[White "Rogowski, Walter"]
[Black "Harke, Horst"]
[Result "0-1"]
[WhiteElo "1525"]
[BlackElo "1665"]
[PlyCount "86"]
[EventDate "2007.10.22"]
[EventType "swiss"]
[EventRounds "9"]
[EventCountry "GER"]
[SourceTitle "EXT 2008"]
[Source "ChessBase"]
[SourceDate "2007.11.25"]
[SourceVersion "1"]
[SourceVersionDate "2007.11.25"]
[SourceQuality "1"]

1. Nf3 Nf6 2. d4 d5 3. Bg5 e6 4. e3 Be7 5. Be2 0-0 6. 0-0 Nbd7 7. h3 Ne4 8. Bxe7 Qxe7 9. Nfd2 Ndf6 10. Nxe4 Nxe4 11. Nd2 Nxd2 12. Qxd2 e5 13. Rfe1 c6 14. dxe5 Qxe5 15. c4 dxc4 16. Bxc4 Qg5 17. Kh2 Qe5+ 18. f4 Qe7 19. Rad1 Be6 20. Qc3 Bxc4 21. Qxc4 Rad8 22. e4 Rfe8 23. e5 g6 24. g4 Rxd1 25. Rxd1 Rd8 26. Rxd8+ Qxd8 27. e6 Qd2+ 28. Kg3 Qe3+ 29. Kg2 Qxe6 30. Qxe6 fxe6 31. Kf3 Kf7 32. Ke4 Kf6 33. g5+ Ke7 34. Ke5 a5 35. a4 b5 36. b3 b4 37. Kd4 Kd6 38. h4 c5+ 39. Kc4 Kc6 40. Kd3 Kd5 41. Ke3 c4 42. bxc4+ Kxc4 43. Kd2 Kd4 0-1

[Event "Brandenburg Seniors op 11th"]
[Site "Rowy"]
[Date "2002.06.19"]
[Round "3"]
[White "Rogowski, Walter"]
[Black "Garms, Ilse"]
[Result "0-1"]
[WhiteElo "1526"]
[BlackElo "1656"]
[PlyCount "102"]
[EventDate "2002.06.??"]
[EventType "swiss"]
[EventRounds "7"]
[EventCountry "POL"]
[SourceTitle "EXT 2006"]
[Source "ChessBase"]
[SourceDate "2005.11.24"]
[SourceVersion "1"]
[SourceVersionDate "2005.11.24"]
[SourceQuality "1"]

1. c4 c5 2. Nc3 Nc6 3. g3 Nf6 4. Bg2 e6 5. e4 a6 6. Nge2 Be7 7. 0-0 Rb8 8. d4 cxd4 9. Nxd4 e5 10. Nf5 0-0 11. Be3 d6 12. Nxe7+ Qxe7 13. Nd5 Nxd5 14. cxd5 Nd8 15. Qh5 f5 16. f4 Rf6 17. Rac1 Rh6 18. Qe2 Bd7 19. Rc7 Qe8 20. Rfc1 Rf6 21. fxe5 Bb5 22. Qc2 Qxe5 23. Bf4 Qd4+ 24. Kh1 Bd3 25. Rxg7+ Kxg7 26. Qc7+ Nf7 27. Qxb8 Bxe4 28. Qxb7 Bxg2+ 29. Kxg2 Qe4+ 30. Kf2 Kg6 31. Re1 Qc4 32. b3 Qc5+ 33. Be3 Qa5 34. Bd4 Qd2+ 35. Re2 Qxd4+ 36. Ke1 Ne5 37. Kf1 Nf3 38. Kg2 Ne5 39. Qa8 Qd3 40. Qg8+ Kh6 41. Rxe5 dxe5 42. h4 Qe2+ 43. Kg1 Qg4 44. Qxg4 fxg4 45. b4 Rd6 46. Kf2 Rxd5 47. a4 Rd4 48. b5 axb5 49. axb5 Kg6 50. Ke3 Kf5 51. h5 Rb4 0-1

[Event "Bad Breisig Seniors op 3rd"]
[Site "Bad Breisig"]
[Date "2002.??.??"]
[Round "8"]
[White "Rogowski, Walter"]
[Black "Struwecker, Sigurd"]
[Result "1-0"]
[WhiteElo "1556"]
[BlackElo "1700"]
[PlyCount "109"]
[EventDate "2002.07.??"]
[EventType "swiss"]
[EventRounds "9"]
[EventCountry "GER"]
[SourceTitle "EXT 2006"]
[Source "ChessBase"]
[SourceDate "2005.11.24"]
[SourceVersion "1"]
[SourceVersionDate "2005.11.24"]
[SourceQuality "1"]

1. d4 Nf6 2. Nf3 d5 3. g3 Bg4 4. Bg2 e6 5. 0-0 Nbd7 6. Bf4 h6 7. Ne5 Bd6 8. f3 Bf5 9. Nd2 0-0 10. e4 dxe4 11. Nxd7 Qxd7 12. fxe4 Bxf4 13. Rxf4 Qxd4+ 14. Kh1 Rfd8 15. exf5 Qxd2 16. Qf3 e5 17. Rc4 c6 18. Qf1 Rd6 19. Bf3 Rad8 20. Re1 Nd5 21. Re2 Qg5 22. Rce4 Qf6 23. Rxe5 Nc7 24. Qf2 b6 25. c4 Rd1+ 26. Kg2 Qd6 27. Re7 Rd7 28. Rxd7 Qxd7 29. g4 Kf8 30. h3 Qd4 31. b3 c5 32. Qxd4 Rxd4 33. Kf2 g6 34. Be4 Ne8 35. fxg6 Nf6 36. Bf5 fxg6 37. Bxg6 Kg7 38. Bf5 Ng8 39. Kf3 Kf6 40. h4 Rd6 41. Kf4 Rd4+ 42. Be4 Ne7 43. Kf3 Rd7 44. Ke3 Kg7 45. Rd2 Rxd2 46. Kxd2 Kf6 47. Kd3 Ke5 48. Ke3 Kf6 49. Kf4 Nc8 50. g5+ hxg5+ 51. hxg5+ Kg7 52. Ke5 a6 53. Bf5 Ne7 54. Be4 b5 55. Kd6 1-0

[Event "Bad Breisig Seniors op 3rd"]
[Site "Bad Breisig"]
[Date "2002.??.??"]
[Round "1"]
[White "Rogowski, Walter"]
[Black "Wild, Gerhard"]
[Result "0-1"]
[WhiteElo "1556"]
[BlackElo "1974"]
[PlyCount "120"]
[EventDate "2002.07.??"]
[EventType "swiss"]
[EventRounds "9"]
[EventCountry "GER"]
[SourceTitle "EXT 2006"]
[Source "ChessBase"]
[SourceDate "2005.11.24"]
[SourceVersion "1"]
[SourceVersionDate "2005.11.24"]
[SourceQuality "1"]

1. c4 e6 2. g3 d5 3. cxd5 exd5 4. Nf3 Nf6 5. Bg2 Be7 6. 0-0 0-0 7. b3 Bf5 8. Bb2 c6 9. d3 Nbd7 10. Nbd2 Re8 11. Re1 h6 12. Qc2 Bh7 13. e4 dxe4 14. dxe4 Bb4 15. Re2 Bf8 16. Rae1 Nc5 17. Nd4 Ne6 18. Nf5 Nd7 19. Qc3 f6 20. Qf3 Ndc5 21. Qg4 Bxf5 22. exf5 Nc7 23. Qc4+ Kh8 24. Rxe8 Nxe8 25. Re2 Qd7 26. g4 Rd8 27. Ba3 Ne4 28. Bc1 N8d6 29. Qe6 Ng5 30. Qxd7 Rxd7 31. h4 Ngf7 32. Ba3 Kg8 33. f4 Rd8 34. Re3 Nxf5 35. gxf5 Bxa3 36. Ne4 Kf8 37. Kf1 Bb4 38. Bf3 Nd6 39. Ng3 Bd2 40. Rd3 Bxf4 41. Ne4 Ke7 42. Nc5 Nxf5 43. Rxd8 Kxd8 44. Nxb7+ Kc7 45. Nc5 Kd6 46. Nd3 Nxh4 47. Be4 Be3 48. Ke2 Bd4 49. Nb4 c5 50. Kd3 cxb4 51. Kxd4 f5 52. Bh1 g5 53. Bb7 Ng6 54. Bc8 Ne7 55. Bb7 h5 56. Kc4 a5 57. Kd4 h4 58. Ke3 Ke5 59. Kf2 Nd5 60. Bc8 Nc3 0-1

[Event "Bad Breisig Seniors op 3rd"]
[Site "Bad Breisig"]
[Date "2002.??.??"]
[Round "2"]
[White "Suess, Horst"]
[Black "Rogowski, Walter"]
[Result "1-0"]
[WhiteElo "1450"]
[BlackElo "1556"]
[PlyCount "65"]
[EventDate "2002.07.??"]
[EventType "swiss"]
[EventRounds "9"]
[EventCountry "GER"]
[SourceTitle "EXT 2006"]
[Source "ChessBase"]
[SourceDate "2005.11.24"]
[SourceVersion "1"]
[SourceVersionDate "2005.11.24"]
[SourceQuality "1"]

1. e4 g6 2. d4 Bg7 3. Nf3 d6 4. c3 b6 5. Bd3 Nf6 6. Bg5 Nfd7 7. Nbd2 c5 8. d5 0-0 9. 0-0 Nf6 10. h3 Ne8 11. Nh2 h6 12. Be3 f5 13. f4 e6 14. dxe6 Bxe6 15. Bc4 Bxc4 16. Nxc4 fxe4 17. Qd5+ Kh8 18. Qxa8 d5 19. Ne5 Qd6 20. Neg4 h5 21. Nf2 Nc6 22. Rad1 Nc7 23. Nxe4 Qe6 24. Qb7 Rf7 25. Nf2 Ne8 26. Qa6 Qxe3 27. Rfe1 Qxf4 28. Rxe8+ Kh7 29. Qe2 Be5 30. Nf3 Bd6 31. Rxd5 Ne7 32. Ng5+ Kg7 33. Ne6+ 1-0

[Event "Saarlouis op 4th"]
[Site "Saarlouis"]
[Date "2001.05.27"]
[Round "9"]
[White "Bastian, Stefan"]
[Black "Rogowski, Walter"]
[Result "0-1"]
[WhiteElo "989"]
[BlackElo "1438"]
[PlyCount "68"]
[EventDate "2001.05.??"]
[EventType "swiss"]
[EventRounds "9"]
[EventCountry "GER"]
[SourceTitle "EXT 2006"]
[Source "ChessBase"]
[SourceDate "2005.11.24"]
[SourceVersion "1"]
[SourceVersionDate "2005.11.24"]
[SourceQuality "1"]

1. e4 Nc6 2. Nf3 g6 3. Bb5 a6 4. Bxc6 bxc6 5. d4 Bg7 6. c3 d6 7. Qb3 Nf6 8. e5 Nd5 9. c4 Nb6 10. c5 Be6 11. Qc2 dxc5 12. dxc5 Nd7 13. Qc3 0-0 14. 0-0 Bd5 15. Nbd2 Qb8 16. b4 f6 17. Re1 fxe5 18. Bb2 Rf7 19. Qe3 Qxb4 20. Bxe5 Nxe5 21. Rab1 Nxf3+ 22. Nxf3 Qg4 23. h3 Qc4 24. Re2 Raf8 25. Rc1 Qa4 26. Ne5 Rf5 27. Nd7 R8f7 28. g4 Bd4 29. Qd2 Rf3 30. Rce1 Rxh3 31. Re4 Bxe4 32. Rxe4 Bxf2+ 33. Qxf2 Qxe4 34. Qg2 Qe3+ 0-1

[Event "Saarlouis op 4th"]
[Site "Saarlouis"]
[Date "2001.05.26"]
[Round "8"]
[White "Rogowski, Walter"]
[Black "Vierroth, Hans"]
[Result "0-1"]
[WhiteElo "1438"]
[BlackElo "1747"]
[PlyCount "97"]
[EventDate "2001.05.??"]
[EventType "swiss"]
[EventRounds "9"]
[EventCountry "GER"]
[SourceTitle "EXT 2006"]
[Source "ChessBase"]
[SourceDate "2005.11.24"]
[SourceVersion "1"]
[SourceVersionDate "2005.11.24"]
[SourceQuality "1"]

1. Nf3 g6 2. d4 Bg7 3. e3 d6 4. b4 Nd7 5. Bb2 e6 6. c4 c5 7. b5 b6 8. Be2 Ngf6 9. 0-0 Bb7 10. Nbd2 0-0 11. Ng5 h6 12. Bf3 d5 13. Nh3 Ne4 14. Qc2 Ndf6 15. Be2 Rc8 16. f3 Nd6 17. Qa4 Qc7 18. Rac1 Qd8 19. Nf2 Nd7 20. Rc2 Ra8 21. Rfc1 a6 22. bxa6 Rxa6 23. Qb3 Qa8 24. a3 Rc8 25. Qa2 dxc4 26. Nxc4 Bd5 27. Qb1 Nxc4 28. Bxc4 Bxc4 29. Rxc4 b5 30. R4c2 c4 31. Nd3 Ra4 32. Nb4 Bf8 33. Nd3 Rb8 34. Ne5 Nxe5 35. dxe5 Bxa3 36. Bxa3 Rxa3 37. Rc3 Qa5 38. Rxc4 Rxe3 39. Rc8+ Rxc8 40. Rxc8+ Kg7 41. Rc1 Re2 42. Rd1 Qb6+ 43. Kh1 Qf2 44. Rg1 Qc5 45. f4 b4 46. Qd3 Rc2 47. h4 Rc1 48. Rxc1 Qxc1+ 49. Kh2 0-1

[Event "Saarlouis op 4th"]
[Site "Saarlouis"]
[Date "2001.05.21"]
[Round "4"]
[White "Fleckner, Hans"]
[Black "Rogowski, Walter"]
[Result "1/2-1/2"]
[WhiteElo "1790"]
[BlackElo "1438"]
[PlyCount "56"]
[EventDate "2001.05.??"]
[EventType "swiss"]
[EventRounds "9"]
[EventCountry "GER"]
[SourceTitle "EXT 2006"]
[Source "ChessBase"]
[SourceDate "2005.11.24"]
[SourceVersion "1"]
[SourceVersionDate "2005.11.24"]
[SourceQuality "1"]

1. e4 Nc6 2. Nf3 g6 3. Bc4 Bg7 4. c3 e6 5. 0-0 Nge7 6. d4 d5 7. exd5 exd5 8. Bd3 0-0 9. Bg5 Re8 10. Nbd2 Bd7 11. Re1 Qc8 12. Qc2 Bf5 13. Nf1 a6 14. Ng3 Bxd3 15. Qxd3 Qd7 16. Qd2 Kh8 17. Bh6 f6 18. Re2 Nf5 19. Nxf5 Qxf5 20. Bxg7+ Kxg7 21. Rae1 Qd7 22. h3 Re7 23. Rxe7+ Nxe7 24. Nh2 c6 25. Ng4 Nf5 26. Qe2 Rf8 27. Nh2 Rf7 28. Nf3 Re7 1/2-1/2

[Event "Schwarzwald Seniors op"]
[Site "Freudenstadt"]
[Date "2001.??.??"]
[Round "5"]
[White "Gentner, Walter"]
[Black "Rogowski, Walter"]
[Result "1-0"]
[WhiteElo "1714"]
[BlackElo "1617"]
[PlyCount "63"]
[EventDate "2001.07.??"]
[EventType "swiss"]
[EventRounds "7"]
[EventCountry "GER"]
[SourceTitle "EXT 2006"]
[Source "ChessBase"]
[SourceDate "2005.11.24"]
[SourceVersion "1"]
[SourceVersionDate "2005.11.24"]
[SourceQuality "1"]

1. Nf3 Nc6 2. d4 d5 3. c4 Nf6 4. Nc3 e6 5. e3 Bb4 6. Bd3 dxc4 7. Bxc4 Ne4 8. Qc2 Nd6 9. Bd3 f5 10. 0-0 a6 11. Ne2 Ba5 12. a3 Bd7 13. b4 Bb6 14. Bb2 Ne7 15. Ne5 Bb5 16. Nf4 Bxd3 17. Qxd3 Qc8 18. Qb3 c6 19. Nxe6 Rg8 20. Ng5 h6 21. Ngf7 Bc7 22. Nxd6+ Bxd6 23. Qf7+ Kd8 24. Nc4 Bc7 25. Rad1 b5 26. Ne5 Bd6 27. Rc1 Bxe5 28. dxe5 Ra7 29. Rfd1+ Rd7 30. e6 Rxd1+ 31. Rxd1+ Kc7 32. Qxe7+ 1-0